| 000 | 00463nam a22001697a 4500 | ||
|---|---|---|---|
| 003 | CEME | ||
| 005 | 20210628203005.0 | ||
| 008 | 210126b xxu||||| |||| 00| 0 eng d | ||
| 020 | _a81-7758-158-9 | ||
| 040 | _c. | ||
| 082 | _a621.3815 BOY | ||
| 100 |
_aBoylestad, Robert L Nashelsky, Louis Kishore, K.Lal _962754 |
||
| 245 | _aElectronic devices and circuit theory | ||
| 260 |
_aNEW DELHI _bPEARSON EDUCATION _c2006 |
||
| 300 | _aXII,610 P | ||
| 942 |
_cBK _2ddc |
||
| 999 |
_c571762 _d571762 |
||